000 01719cam a22004934i 4500
003 PE-LiUPU
005 20250731165630.0
008 150616s r 000 0 d
020 _a8420652016
035 _a(Sirsi) i9788420652016
040 _aPE-LiUPU
_bspa
_cPE-LiUPU
_erda
049 _aPRUA
082 0 4 _a103d
_bF39
_221
100 1 _aFerrater Mora, José,
_d1912-1991,
_eautor.
245 1 0 _aDiccionarios de Filosofía.
_n1 /
_cJosé Ferrater Mora.
264 1 _aBarcelona :
_bAlianza Editorial, S.A.,
_c1986.
300 _a882 páginas ;
_c23 centímetros
336 _atext
_2rdacontent
337 _aunmediated
_2rdamedia
338 _avolume
_2rdacarrier
505 0 _aSignificado de palabras usadas comunmente en filosofía, de la letra A-D Diccionarios.
526 _aSEG44
526 _aSEG26
526 _aP151
526 _aP150
526 _aP149
526 _aP146
526 _aP145
526 _aP126
526 _aP125
526 _aP92
526 _aP75
526 _aP74
526 _aP27
526 _aP15
650 0 4 _aFilosofía
_vDiccionarios.
910 _ajck
_bjvq
_cjck
942 _2ddc
_cBOOK
949 _aRC 103D F39 1
_wDEWEY
_c1
_i39674
_lCCODEBUL1
_mBUL
_r0
_sY
_tBOOK
_u2015-6-16
_xTEOLOGIA
_zUNKNOWN
_0COMPRA
_o.CIRCNOTE. No olvidar cambiar la fecha de devolución!!!!!!!
_o.STAFF. Colección General
994 _aC0
_bPEPRU
596 _a1
999 _aRC 103D F39 1
_wDEWEY
_c57537
_i39674
_d57537
_f2022-5-11
_g4
_lCCODEBUL1
_mBUL
_q2
_r0
_sY
_tBOOK
_u2015-6-16
_xTEOLOGIA
_zUNKNOWN
_0COMPRA
_o.CIRCNOTE. No olvidar cambiar la fecha de devolución!!!!!!!
_o.STAFF. Colección General
980 _81
_gALBERTO SANCHEZ Responsable de Automatización